| Tag |
First Indicator |
Second Indicator |
Subfields |
| LEADER |
00000cas a2200000 a 4500 |
| 001 |
in00001754324 |
| 005 |
20151025070315.0 |
| 006 |
m d |
| 007 |
cr cnu-------- |
| 008 |
030530c19999999dcuer1p s 0 a0eng d |
| 010 |
|
|
|a sn 99008291
|
| 022 |
0 |
|
|a 1523-7052
|
| 035 |
|
|
|a (OCoLC)ocm40763507
|
| 037 |
|
|
|b American Chemical Society, 1155 16th St., NW, Washington, DC 20036
|c $49.99 (members)
|c $185.00 (non-members)
|
| 040 |
|
|
|a NSD
|c NSD
|d IUL
|d WAU
|d NSD
|d OCLCQ
|d UtOrBLW
|
| 042 |
|
|
|a lcd
|a nsdp
|
| 049 |
|
|
|a TXAM
|
| 050 |
1 |
4 |
|a QD241
|b .O64 Electronic
|
| 082 |
1 |
0 |
|a 540
|2 13
|
| 130 |
0 |
|
|a Organic letters (Online)
|
| 210 |
0 |
|
|a Org. lett.
|b (Online)
|
| 222 |
|
0 |
|a Organic letters
|b (Online)
|
| 245 |
1 |
0 |
|a Organic letters.
|
| 264 |
|
1 |
|a Washington, DC :
|b American Chemical Society,
|c 1999-
|
| 310 |
|
|
|a Biweekly
|
| 336 |
|
|
|a text
|b txt
|2 rdacontent
|
| 337 |
|
|
|a computer
|b c
|2 rdamedia
|
| 338 |
|
|
|a online resource
|b cr
|2 rdacarrier
|
| 362 |
0 |
|
|a Vol. 1, no. 1 (July 15, 1999)-
|
| 500 |
|
|
|a Title from journal home page.
|
| 516 |
|
|
|a HTML (electronic journal)
|
| 530 |
|
|
|a Online version of print publication.
|
| 538 |
|
|
|a Mode of access: World Wide Web.
|
| 538 |
|
|
|a System requirements: Adobe Acrobat Reader for articles in PDF file format.
|
| 500 |
|
|
|a Electronic resource.
|
| 650 |
|
0 |
|a Chemistry, Organic
|v Periodicals.
|
| 710 |
2 |
|
|a American Chemical Society.
|
| 776 |
1 |
|
|t Organic letters
|x 1523-7060
|w (DLC)sn 99008290
|w (OCoLC)40763408
|
| 948 |
|
|
|a cataloged
|b h
|c 2003/6/27
|d c
|e bsurratt
|f 6:22:01 pm
|
| 994 |
|
|
|a E0
|b TXA
|
| 999 |
|
|
|a MARS
|
| 999 |
f |
f |
|s 68fad227-b772-3ca1-9b7f-30d11e54a057
|i be1aa8d3-7e86-3fe2-9b0a-c5594290c3ef
|t 0
|
| 952 |
f |
f |
|a Texas A&M University
|b College Station
|c Electronic Resources
|d Available Online
|t 0
|e QD241 .O64
|g Electronic
|h Library of Congress classification
|
| 998 |
f |
f |
|a QD241 .O64
|t 0
|l Available Online
|